000 01423nam a2200385 a 4500
001
003 DO-SdBNP
005 20210430134911.0
008 111108s2000 dr ac 001 0 spa d
020 _a9993439045
040 _aBPMSU
_bspa
_cBPMSU
082 4 _a972.93
_bF825r, 2000
_222
100 1 _aFranco Pichardo, Franklin J.
_41936-2013
245 1 4 _aRepública Dominicana :
_bclases, crisís y comandos /
_c Franklin J. Franco ; presentación Moreno Fraginals.
250 _a5a. ed.
260 _aSanto Domingo :
_bLibriría la Trinitaria,
_c2000
300 _a323 p. ;
_c23 cm.
500 _aIncluye datos biográficos del autor en la contracubierta
500 _aIncluye referencias bibliográficas y notas al pie de las páginas
586 _aPremio Internacional de Ensayo de Casa de las Américas, La Habana, Cuba, enero 1966
590 _6Inventariado, 2021/VM
651 4 _aRepública Dominicana
_xHistoria
_y1844
651 4 _aRepública Dominicana
_xCondiciones económicas
651 4 _aRepública Dominicana
_xPolítica Y gobierno
651 4 _aRepública Dominicana
_xCondiciones sociales
700 1 _aFraginals, Moreno
910 _aVMateo
930 1 _l
_m
_h
_8
_f
_p
_g
_h
942 _2ddc
_cBK
945 _aInventariado, 2017/VM
956 _a
_b
_c
_l
_h
956 _a
_b
_c
_l
_h
956 _a
_b
_c
_l
_h
956 _aVMATEO
_b10
_c20150712
_lBPMSU
_h00151
999 _c13447
_d13447